Responses for Show #5269 - Thursday, July 5, 2007

Contestants

[<< previous game]

Tim Abou-Sayed, a plastic surgeon from Manalapan, Florida

Judy Moss, an administrative assistant from Jersey City, New Jersey

Holly Owens, a physician originally from Tulsa, Oklahoma (whose 2-day cash winnings total $31,902)

[next game >>]

Jeopardy! Round responses

ART-FULLY STOLEN
CARTOON CRITTERS
(Alex: You have to tell us what type of critter each one is.)
WHADDYA DRINKIN'?
NANCY
YOU'RE HERDING ME!
"Z" FOR YOURSELF
    $200 26
Peru

Triple Stumper
    $200 6
duck

Tim
    $200 1
Cosmopolitan

Judy
    $200 11
Nancy Sinatra

Tim
    $200 21
sheep

Tim
    $200 16
Zeppelins

Tim
    $400 27
Iraq

Tim
    $400 7
chipmunks

Judy
    $400 2
Mountain Dew

Triple Stumper
    $400 12
House of Commons

Holly
    $400 22
reindeer

Judy
    $400 17
Zanzibar

Tim
    $1,000 28
The Scream

Tim
    $600 8
gorilla

Tim
    $600 3
grapefruit juice

Holly
    $600 13
Nancy Grace

Holly
    $600 23
yaks

Tim
    $600 18
zinfandel

Holly
    $800 29
Henry Moore

Triple Stumper
    $800 9
lion

Judy
    $800 4
(Tim: What is, uh, Evian?)
(Alex: No! Wrong country...)

seltzer

Tim
Triple Stumper
    $800 14
Oliver Twist

Judy
    $800 24
(Holly: What are goats?)
(Alex: Oh, no.)

camels

HollyJudy
    $800 19
zebra mussel

Tim
    $1000 30
Marc Chagall

Tim
    $1000 10
(Holly: What are crows?)
(Alex: Be more specific.)
(Holly: What are black crows? Ravens?)
(Alex: No. Tim?)
(Tim: What are... ravens?)

magpies

HollyTim
Triple Stumper
    $1000 5
kava

Triple Stumper
    $1000 15
Nancy Lopez

Tim
    $1000 25
goats

Tim
    $1000 20
King Zog

Triple Stumper

Scores at the first commercial break (after clue 15):

Holly Judy Tim
$600 $2,200 $200

Scores at the end of the Jeopardy! Round:

Holly Judy Tim
$400 $3,400 $5,800

Double Jeopardy! Round responses

BELOVED POLAND
WOMEN IN SONG
MEN OF LETTERS
THE DENVER MINT
EUROPEAN KINGS
THE "M-E"s
(Alex: Each correct response will begin with those 2 letters of the alphabet.)
    $400 12
the Soviet Union

Tim
    $400 3
Diane

Holly
    $400 1
(St.) Paul

Judy
    $400 26
copper

Tim
    $400 8
The Bald

Tim
    $400 21
media

Tim
    $800 13
the European Union

Holly
    $800 4
Sara

Judy
    $800 2
a serving maid

Triple Stumper
    $800 27
bullion

Judy
    $800 9
Wenceslas

Judy
    $800 22
the Blue Meanies

Tim
    $1200 14
(Judy: Who is Curie?)
(Alex: Be more specific.)
(Judy: Who is [*]?)

Marie Curie

Judy
    $1200 5
Jean

Tim
    $1200 17
Dostoevsky

Tim
    $1200 28
shaving

Tim
    $1200 10
(Tim: Who is James I?)

Robert the Bruce

Tim
Triple Stumper
    $1200 23
mensa

Tim
    $1600 15
(Holly: What is polka?)

a mazurka

HollyTim
    $1600 6
Diana

Tim
    $3,000 18
(Tim: Who is Kerouac?)

J.D. Salinger

Tim
    $1600 29
Philadelphia

Triple Stumper
    $1600 11
(Tim: Who is Napoleon?)

King Leopold of Belgium

Tim
Triple Stumper
    $1600 24
mesmerism

Triple Stumper
    $2000 16
the Vistula

Triple Stumper
    $6,000 7
Cleopatra

Tim
    $2000 19
Letters to a Young Poet

Triple Stumper
    $2000 30
(Judy: What is the nail?)
...
(Alex: Holly, you don't want to take a chance?)
(Holly: What's a claw?)
(Alex: No. You weren't going to be able to play in Final Jeopardy! with no money anyway.)
(Holly: Yeah.)
(Alex: It's [*], the hammer on one side, [*] on the other.)

the anvil

HollyJudy
Triple Stumper
    $2000 20
St. Stephen

Triple Stumper
    $2000 25
Medina

Tim

Scores at the end of the Double Jeopardy! Round:

Holly Judy Tim
-$2,000 $5,400 $18,400
(lock game)

[wagering suggestions for these scores]

Final Jeopardy! Round responses

MEDICAL HISTORY
(Alex: And there's now a disease named for this Frankfurt doctor.)
...
(Alex: [To Judy] You're back to our mesmerising clue. Mesmerism.)
[Judy laughs.]
...
(Alex: [To Tim] I thought someone might select Freud, but Freud was Viennese, not Frankfurt, Germany.)
(Tim: Yeah. Of course.)
(Alex: The doctor here was [*]. "Lost my memory, lost my mind, lost myself.")
JudyWho is Mesmer?
$5,000
TimWho was Freud?
$7,400
Alois Alzheimer

Final scores:

Holly Judy Tim
-$2,000 $400 $11,000
3rd place: $1,000 2nd place: $2,000 New champion: $11,000

Game dynamics:

Coryat scores:

Holly Judy Tim
-$2,000 $5,400 $17,000
6 R,
4 W
11 R,
1 W
26 R
(including 2 DDs),
5 W
(including 1 DD)

Combined Coryat: $20,400

[game clues] [game scores] [suggest correction]

Game tape date: 2007-04-12
The J! Archive is created by fans, for fans. Scraping, republication, monetization, and malicious use prohibited; this site may use cookies and collect identifying information. See terms. The Jeopardy! game show and all elements thereof, including but not limited to copyright and trademark thereto, are the property of Jeopardy Productions, Inc. and are protected under law. This website is not affiliated with, sponsored by, or operated by Jeopardy Productions, Inc. Join the discussion at JBoard.tv.